Nations in the 1908 Summer Olympics - Statistics

General Stats
  • This quiz has been taken 59 times
  • The average score is 20 of 22
Answer Stats
Hint Answer % Correct
America Canada
98%
Africa South Africa
98%
America United States
98%
Oceania Australasia
95%
Europe France
95%
Europe Great Britain
95%
Europe Norway
95%
Europe Russian Empire
95%
Europe Sweden
95%
Europe Belgium
93%
Europe Denmark
93%
Europe Germany
93%
Europe Switzerland
93%
Europe Austria
91%
Europe Hungary
91%
Europe Italy
91%
Europe Netherlands
91%
Europe Finland
88%
Europe Greece
88%
America Argentina
86%
Asia Turkey
79%
Europe Bohemia
72%
No matching quizzes found
Score Distribution
Percent of People with Each Score
Percentile by Number Answered
Your Score History
You have not taken this quiz